الخلاف النحوي في المنصوبات

Bibliographic Details
Main Author: وليدي، منصور صالح محمد علي (Author)
Format: Book
Language:Arabic
Published: Amman : Jidara lil-Kitab al-'Alami , 2006
Edition:الطبعة 1
Subjects:

MARC

LEADER 00000cam a2200000 7i4500
001 0000060708
005 20161208093000.0
008 090315s2006 jo ara
020 |a 9789957466428 
020 |a 9957466429 
050 0 0 |a PJ503   |b .W35 2006 
090 0 0 |a PJ503   |b .W35 2006 
100 1 |a وليدي، منصور صالح محمد علي ,   |e author 
241 1 2 |a al-Khilaf al-nahwi fi al-mansubat 
245 1 2 |a الخلاف النحوي في المنصوبات   |c منصور صالح محمد علي الوليدي 
250 |a الطبعة 1 
260 |a Amman :   |b Jidara lil-Kitab al-'Alami ,   |c 2006 
300 |a 272 p. ;   |c 25 cm. 
504 |a Includes bibliographical references 
650 0 |a Arabic literature 
999 |a 1000123991   |b Book   |c OPEN SHELF (30 DAYS)   |e Gong Badak Campus